Normal view MARC view
  • Maham Haroon

Entry Personal Name

Number of records used in: 2

001 - CONTROL NUMBER

  • control field: 15315

003 - CONTROL NUMBER IDENTIFIER

  • control field: NUST

005 - DATE AND TIME OF LATEST TRANSACTION

  • control field: 20190621105051.0

008 - FIXED-LENGTH DATA ELEMENTS

  • fixed length control field: 190621|| aca||aabn | a|a d

040 ## - CATALOGING SOURCE

  • Original cataloging agency: NUST
  • Transcribing agency: NUST

100 ## - HEADING--PERSONAL NAME

  • Personal name: Maham Haroon

670 ## - SOURCE DATA FOUND

  • Source citation: Work cat.: (NUST): Maham Haroon, Modelling of a Bidirectional Network /, 2017 .
© 2023 Central Library, National University of Sciences and Technology. All Rights Reserved.